| 000 | 01065cab a2200289 4500 | ||
|---|---|---|---|
| 001 | ABS49740 | ||
| 008 | 090401t1993 xxu||||| |||| 00| 0 eng d | ||
| 035 | _a(Sirsi) u72593 | ||
| 041 | _aeng | ||
| 100 | _aChappell, D. | ||
| 245 | 4 | _aThe law as it affects the construction industry | |
| 260 | _c1993 | ||
| 350 | _a0 | ||
| 490 |
_aArchitects` Journal _v198(21) 1 December 1993, 24-25(2) |
||
| 520 | _aA review of recent building contract cases in which dispute has been over the terms of JCT 1980. | ||
| 650 | _aBUILT ENVIRONMENT-BUILDING CONTRACT FORMS | ||
| 650 | _aCASE LAW | ||
| 650 | _aDURIAN PTY V PENRITH CC | ||
| 650 | _aBUILT ENVIRONMENT-BUILDING CONTRACT FORMS-STANDARD FORMS OF BUILDING CONTRACT-JOINT CONTRACTS TRIBNUAL CONTRACTS | ||
| 650 | _aJF FINNEGAN V COMMUNITY HOUSING ASSOCIATION | ||
| 650 | _aLINDEN GARDENS V LENESTA | ||
| 650 | _aTERN CONSTRUCTION GROUP V RBS GARAGES | ||
| 650 | _aWATES CONSTRUCTION (SOUTH) V BREDERO FLEET | ||
| 690 | _aBUILT ENVIRONMENT-BUILDING CONTRACT FORMS | ||
| 942 | _n0 | ||
| 948 | _c04/03/1997 | ||
| 999 |
_c45883 _d45883 |
||